000 00291nam a22001337a 4500
008 180314b xxu||||| |||| 00| 0 eng d
020 _a9780321277053
041 _aeng
080 _a82
100 _a24
101 _agju
245 _athe curious writer
_cballenger/b
942 _2udc
_cBK
999 _c45014
_d45014